Người vùng ven Thăng Long

Sách gồm những mẩu chuyện, những lời giới thiệu ngắn gọn về từng địa phương, nhân vật và dòng họ thuộc địa phận Hà Nội giúp cho người đọc thêm hiểu sâu về Hà Nội

Kaydedildi:
Detaylı Bibliyografya
Yazar: Đỗ Thỉnh
Materyal Türü: Kitap
Dil:Undetermined
Baskı/Yayın Bilgisi: Hà Nội VHTT 1998
Konular:
Etiketler: Etiketle
Etiket eklenmemiş, İlk siz ekleyin!
Thư viện lưu trữ: Trung tâm Học liệu Trường Đại học Cần Thơ
LEADER 00783nam a2200181Ia 4500
001 CTU_27731
008 210402s9999 xx 000 0 und d
082 |a 895.9228 
082 |b Th312 
100 |a Đỗ Thỉnh 
245 0 |a Người vùng ven Thăng Long 
245 0 |c Đỗ Thỉnh 
260 |a Hà Nội 
260 |b VHTT 
260 |c 1998 
520 |a Sách gồm những mẩu chuyện, những lời giới thiệu ngắn gọn về từng địa phương, nhân vật và dòng họ thuộc địa phận Hà Nội giúp cho người đọc thêm hiểu sâu về Hà Nội 
650 |a folk literature, vietnamese,hanoi - desciption and travel 
980 |a Trung tâm Học liệu Trường Đại học Cần Thơ